000 00336nam a2200157Ia 4500
005 20251020182615.0
008 200515s9999 xx 000 0 und d
082 _aSC/691/S57/1981
245 0 _aGuía de proveedores
260 _aLima
260 _c1981
300 _a768
650 _aGUIAS
650 _aPROVEEDORES
942 _cLIB
999 _c3471
_d3471